Хранители традиций. Сборник песен Летнего берега Белого моря (Запись № 13470828)

Подробности
000 -МАРКЕР
контрольное поле 06471ncm0a2200649 4500
001 - ИДЕНТИФИКАТОР ЗАПИСИ
контрольное поле RU\NLR\ONIZ\306048
005 - ИДЕНТИФИКАТОР ВЕРСИИ
контрольное поле 20251130043237.0
010 ## - МЕЖДУНАРОДНЫЙ СТАНДАРТНЫЙ НОМЕР КНИГИ (ISBN)
Номер (ISBN) 978-5-98450-845-2
021 ## - НОМЕР ГОСУДАРСТВЕННОЙ РЕГИСТРАЦИИ
Код страны Российская Федерация
Номер 2024-000168
Номер Листа государственной регистраци 2024-НО-П-15
035 ## - ДРУГИЕ СИСТЕМНЫЕ НОМЕРА
Идентификатор записи (NLR Aleph) 022672211
100 ## - ДАННЫЕ ОБЩЕЙ ОБРАБОТКИ
Данные общей обработки 20250206d2024 u y0rusy50 ca
101 0# - ЯЗЫК РЕСУРСА
Язык текста, звукозаписи и т.д. русский
102 ## - СТРАНА ПУБЛИКАЦИИ ИЛИ ПРОИЗВОДСТВА
Страна публикации Российская Федерация
145 0# - ПОЛЕ КОДИРОВАННЫХ ДАННЫХ: СРЕДСТВО ИСПОЛНЕНИЯ МУЗЫКАЛЬНОГО ПРОИЗВЕДЕНИЯ (УСТАРЕВШЕЕ)
Тип средства исполнения a
200 1# - ЗАГЛАВИЕ И СВЕДЕНИЯ ОБ ОТВЕТСТВЕННОСТИ
Основное заглавие Хранители традиций. Сборник песен Летнего берега Белого моря
Общее обозначение материала Ноты
Сведения, относящиеся к заглавию в рамках реализации проекта "Культурный десант "Хранители традиций"
Первые сведения об ответственности Л. Суранова
203 ## - ВИД СОДЕРЖАНИЯ И ТИП СРЕДСТВА
Вид содержания Музыка
Дополнительные сведения об издании
--
Тип средства непосредственная
210 ## - ПУБЛИКАЦИЯ, РАСПРОСТРАНЕНИЕ И ДР.
Место издания, распространения и т.д. Архангельск
Имя издателя, распространителя и т. д. КИРА
Дата издания, распространения и т.д. 2024
215 ## - ФИЗИЧЕСКАЯ ХАРАКТЕРИСТИКА
Специфическое обозначение материала и объем 47, [1] с.
Другие сведения о физической характеристике ил.
Размеры 28 см
300 ## - ОБЩИЕ ПРИМЕЧАНИЯ
Текст примечания От автора: с. 4-6
313 ## - ПРИМЕЧАНИЯ, ОТНОСЯЩИЕСЯ К ТЕМАТИЧЕСКОМУ ДОСТУПУ
Текст примечания Систематизация документа проведена по изданию - Методика классифицирования музыкальных произведений (нотных изданий) по таблицам Библиотечно-библиографических классификаций : метод. рекомендации / Гос. б-ка СССР им. В.И. Ленина.- М., 1977. Индексу ББК методических рекомендаций присваивается код ББК для научных библиотек - LBC/SL
327 1# - ПРИМЕЧАНИЯ О СОДЕРЖАНИИ
Текст примечания 1. Гости дорогие : (Приветствие) ;
-- 2. Ожиданьице : "Раскачу катушку ниток..." ;
-- 3. Карман ваты : припевки под язык ;
-- 4. Ой ты, море-морюшко ;
-- 5. Улица ;
-- 6. Отчево хмелёк завёлся ;
-- 7. Сарафан с косой оборочкой : "У моей у милой любушки..." ;
-- 8. Ай, у нашего соседа во собраньице беседа ;
-- 9. Лучше бы я, девушка, у батюшки жила ;
-- 10. Уж ты, мать, ты, мать, ты моя ;
-- 11. Кругом, кругом завилася во саду дорожка ;
-- 12. Вдоль по морю ;
-- 13. На руцью-то на медленном ;
-- 14. У Иванова двора ;
-- 15. Уж как свату-то большому ;
-- 16. Брала, брала ягодку земляничку ;
-- 17. Кто у нас во горнице холост, не жонат ;
-- 18. Сидела Катюшенька ;
-- 19. Отдавали молоду да во семеюшку большу ;
-- 20. Как по нашему бережку
464 #0 - АНАЛИТИЧЕСКИЙ УРОВЕНЬ
Встроенное поле 2001#$aГости дорогие$e(Приветствие)
-- 215##$aС.7
Заглавие Гости дорогие
464 #0 - АНАЛИТИЧЕСКИЙ УРОВЕНЬ
Встроенное поле 2001#$aОжиданьице$e"Раскачу катушку ниток..."
-- 215##$aС.8
Заглавие Ожиданьице
464 #0 - АНАЛИТИЧЕСКИЙ УРОВЕНЬ
Встроенное поле 2001#$aКарман ваты$eприпевки под язык
-- 215##$aС.9-11
Заглавие Карман ваты
464 #0 - АНАЛИТИЧЕСКИЙ УРОВЕНЬ
Встроенное поле 2001#$aОй ты, море-морюшко
-- 215##$aС.12-13
Заглавие Ой ты, море-морюшко
464 #0 - АНАЛИТИЧЕСКИЙ УРОВЕНЬ
Встроенное поле 2001#$aУлица
-- 215##$aС.14-15
Заглавие Улица
464 #0 - АНАЛИТИЧЕСКИЙ УРОВЕНЬ
Встроенное поле 2001#$aОтчево хмелёк завёлся
-- 215##$aС.16-17
Заглавие Отчево хмелёк завёлся
464 #0 - АНАЛИТИЧЕСКИЙ УРОВЕНЬ
Встроенное поле 2001#$aСарафан с косой оборочкой$e"У моей у милой любушки..."
-- 215##$aС.18-19
Заглавие Сарафан с косой оборочкой
464 #0 - АНАЛИТИЧЕСКИЙ УРОВЕНЬ
Встроенное поле 2001#$aАй, у нашего соседа во собраньице беседа
-- 215##$aС.20-21
Заглавие Ай, у нашего соседа во собраньице беседа
464 #0 - АНАЛИТИЧЕСКИЙ УРОВЕНЬ
Встроенное поле 2001#$aЛучше бы я, девушка, у батюшки жила
-- 215##$aС.22-23
Заглавие Лучше бы я, девушка, у батюшки жила
464 #0 - АНАЛИТИЧЕСКИЙ УРОВЕНЬ
Встроенное поле 2001#$aУж ты, мать, ты, мать, ты моя
-- 215##$aС.24-25
Заглавие Уж ты, мать, ты, мать, ты моя
464 #0 - АНАЛИТИЧЕСКИЙ УРОВЕНЬ
Встроенное поле 2001#$aКругом, кругом завилася во саду дорожка
-- 215##$aС.26-27
Заглавие Кругом, кругом завилася во саду дорожка
464 #0 - АНАЛИТИЧЕСКИЙ УРОВЕНЬ
Встроенное поле 2001#$aВдоль по морю
-- 215##$aС.28-29
Заглавие Вдоль по морю
464 #0 - АНАЛИТИЧЕСКИЙ УРОВЕНЬ
Встроенное поле 2001#$aНа руцью-то на медленном
-- 215##$aС.30-31
Заглавие На руцью-то на медленном
464 #0 - АНАЛИТИЧЕСКИЙ УРОВЕНЬ
Встроенное поле 2001#$aУ Иванова двора
-- 215##$aС.32-33
Заглавие У Иванова двора
464 #0 - АНАЛИТИЧЕСКИЙ УРОВЕНЬ
Встроенное поле 2001#$aУж как свату-то большому
-- 215##$aС.34-35
Заглавие Уж как свату-то большому
464 #0 - АНАЛИТИЧЕСКИЙ УРОВЕНЬ
Встроенное поле 2001#$aБрала, брала ягодку земляничку
-- 215##$aС.36-37
Заглавие Брала, брала ягодку земляничку
464 #0 - АНАЛИТИЧЕСКИЙ УРОВЕНЬ
Встроенное поле 2001#$aКто у нас во горнице холост, не жонат
-- 215##$aС.38-40
Заглавие Кто у нас во горнице холост, не жонат
464 #0 - АНАЛИТИЧЕСКИЙ УРОВЕНЬ
Встроенное поле 2001#$aСидела Катюшенька
-- 215##$aС.42-43
Заглавие Сидела Катюшенька
464 #0 - АНАЛИТИЧЕСКИЙ УРОВЕНЬ
Встроенное поле 2001#$aОтдавали молоду да во семеюшку большу
-- 215##$aС.44-45
Заглавие Отдавали молоду да во семеюшку большу
464 #0 - АНАЛИТИЧЕСКИЙ УРОВЕНЬ
Встроенное поле 2001#$aКак по нашему бережку
-- 215##$aС.46
Заглавие Как по нашему бережку
606 1# - НАИМЕНОВАНИЕ ТЕМЫ КАК ПРЕДМЕТ
Наименование темы Русский фольклор
Географический подзаголовок Архангельская область
Формальный подзаголовок Ноты
Код системы nlr_sh
686 0# - ИНДЕКСЫ ДРУГИХ КЛАССИФИКАЦИЙ
Индекс Щ92(2Р=Р)-411 Архангельская область
702 #1 - ИМЯ ЛИЦА - ВТОРИЧНАЯ ОТВЕТСТВЕННОСТЬ
Системный номер авторитетной/нормативной записи z01790
Начальный элемент ввода Суранова
Часть имени, кроме начального элемента ввода Л. А.
Даты 2-я пол. 20 в.-
Расширение инициалов личного имени Людмила Алексеевна
Код отношения Автор
-- Составитель
Графика поля Кириллица
712 02 - НАИМЕНОВАНИЕ ОРГАНИЗАЦИИ - ВТОРИЧНАЯ ОТВЕТСТВЕННОСТЬ
Начальный элемент ввода Приморский мкниципальный округ Архангельской области, Управление культуры Приморского муниципального округа Архангельской области
Код отношения Прочие
Графика поля Латинская
712 02 - НАИМЕНОВАНИЕ ОРГАНИЗАЦИИ - ВТОРИЧНАЯ ОТВЕТСТВЕННОСТЬ
Начальный элемент ввода Объединение культуры Приморского округа
Код отношения Прочие
Графика поля Латинская
790 #1 - ИМЯ ЛИЦА - АЛЬТЕРНАТИВНАЯ ФОРМА
Системный номер авторитетной/нормативной записи z01702
Начальный элемент ввода Suranova
Часть имени, кроме начального элемента ввода L. A.
Даты 2-я пол. 20 в.-
Расширение инициалов личного имени Ljudmila Alekseevna
Код отношения Автор
-- Составитель
Графика поля Латинская
801 #0 - ИСТОЧНИК ЗАПИСИ
Страна Российская Федерация
Организация NLR
Дата составления 20250206
Правила каталогизации PSBO
801 #1 - ИСТОЧНИК ЗАПИСИ
Страна Российская Федерация
Организация NLR
Дата составления 20250206
Источник данных rusmarc
801 #2 - ИСТОЧНИК ЗАПИСИ
Страна Российская Федерация
Организация NLR
Дата составления 20250422
852 ## - МЕСТОНАХОЖДЕНИЕ И ШИФР ХРАНЕНИЯ
Идентификатор организации NLR
Префикс шифра хранения М
Шифр хранения (Call Number) К-3/32091а
Идентификатор единицы МОЭ 47902
Номер экземпляра 2
852 ## - МЕСТОНАХОЖДЕНИЕ И ШИФР ХРАНЕНИЯ
Идентификатор организации NLR
Префикс шифра хранения М
Шифр хранения (Call Number) К-3/32091
Идентификатор единицы МОЭ 47901
Номер экземпляра 1
942 ## - ДОПОЛНИТЕЛЬНЫЕ ЭЛЕМЕНТЫ ЗАПИСИ (АБИС)
Тип экземпляра АБИС Ноты
980 ## - КОЛЛЕКЦИЯ
Название коллекции Отдел нот и звукозаписей
980 ## - КОЛЛЕКЦИЯ
Название коллекции Национальная библиография

Нет доступных экземпляров.